MAASAI MARA UNIVERSITY

LIBRARY CATALOGUE

Contact Us: +254 020 2685356/7 or 0774 057787

Box: 861-20500, NAROK, KENYA

Email: info@mmarau.ac.ke

Buffalo Gordon : (Record no. 17875)

MARC details
000 -LEADER
fixed length control field 01603cam a2200373 a 4500
001 - CONTROL NUMBER
control field 12179213
003 - CONTROL NUMBER IDENTIFIER
control field OSt
005 - DATE AND TIME OF LATEST TRANSACTION
control field 20230516032518.0
008 - FIXED-LENGTH DATA ELEMENTS--GENERAL INFORMATION
fixed length control field 000920s2001 nyu 000 1 eng
010 ## - LIBRARY OF CONGRESS CONTROL NUMBER
LC control number 00048458
020 ## - INTERNATIONAL STANDARD BOOK NUMBER
International Standard Book Number 031287376X (acidfree paper)
040 ## - CATALOGING SOURCE
Original cataloging agency MMU
Transcribing agency MMU
Modifying agency MMU
043 ## - GEOGRAPHIC AREA CODE
Geographic area code n-us-la
-- n-usp--
-- n-us---
050 00 - LIBRARY OF CONGRESS CALL NUMBER
Classification number PS 3562 .E9478
Item number B8 2001
100 1# - MAIN ENTRY--PERSONAL NAME
Personal name Lewis, J. P. Sinclair
Fuller form of name (John Paul Sinclair)
245 10 - TITLE STATEMENT
Title Buffalo Gordon :
Remainder of title the extraordinary life and times of Nate Gordon from Louisiana slave to Buffalo soldier /
Statement of responsibility, etc. J.P. Sinclair Lewis.
250 ## - EDITION STATEMENT
Edition statement 1st ed.
260 ## - PUBLICATION, DISTRIBUTION, ETC. (IMPRINT)
Place of publication, distribution, etc. New York :
Name of publisher, distributor, etc. Forge,
Date of publication, distribution, etc. 2001.
300 ## - PHYSICAL DESCRIPTION
Extent 480 p. :
Dimensions 22 cm.
500 ## - GENERAL NOTE
General note "A Tom Doherty Associates book."
610 10 - SUBJECT ADDED ENTRY--CORPORATE NAME
Corporate name or jurisdiction name as entry element United States.
Subordinate unit Army.
-- Cavalry
General subdivision African American troops
Form subdivision Fiction.
610 10 - SUBJECT ADDED ENTRY--CORPORATE NAME
Corporate name or jurisdiction name as entry element United States.
Subordinate unit Army.
-- Cavalry, 9th
Form subdivision Fiction.
650 #0 - SUBJECT ADDED ENTRY--TOPICAL TERM
Topical term or geographic name as entry element African American soldiers
Form subdivision Fiction.
650 #0 - SUBJECT ADDED ENTRY--TOPICAL TERM
Topical term or geographic name as entry element Fugitive slaves
Form subdivision Fiction.
650 #0 - SUBJECT ADDED ENTRY--TOPICAL TERM
Topical term or geographic name as entry element Reconstruction (U.S. history, 1865-1877)
Form subdivision Fiction.
651 #0 - SUBJECT ADDED ENTRY--GEOGRAPHIC NAME
Geographic name United States
General subdivision History
Chronological subdivision Civil War, 1861-1865
Form subdivision Fiction.
651 #0 - SUBJECT ADDED ENTRY--GEOGRAPHIC NAME
Geographic name Louisiana
Form subdivision Fiction.
655 #7 - INDEX TERM--GENRE/FORM
Genre/form data or focus term Historical fiction.
Source of term gsafd
655 #7 - INDEX TERM--GENRE/FORM
Genre/form data or focus term Western stories.
Source of term gsafd
856 42 - ELECTRONIC LOCATION AND ACCESS
Materials specified Publisher description
Uniform Resource Identifier <a href="http://www.loc.gov/catdir/enhancements/fy0667/00048458-d.html">http://www.loc.gov/catdir/enhancements/fy0667/00048458-d.html</a>
906 ## - LOCAL DATA ELEMENT F, LDF (RLIN)
a 7
b cbc
c orignew
d 1
e ocip
f 20
g y-gencatlg
942 ## - ADDED ENTRY ELEMENTS (KOHA)
Source of classification or shelving scheme Library of Congress Classification
Koha item type L
Holdings
Withdrawn status Lost status Source of classification or shelving scheme Damaged status Not for loan Home library Current library Date acquired Source of acquisition Total Checkouts Full call number Barcode Date last seen Price effective from Koha item type
    Library of Congress Classification     Maasai Mara University Library -Main Campus Maasai Mara University Library -Main Campus 07/01/2016 Donation   FIC PS 3562 .E9478B8 2001 201516501 07/01/2016 07/01/2016 L
© 2016 Maasai Mara University.